000 00918nam a22002651u 4500
001 05819
003 HDC
007 cr bn ---
008 210121p xx fo d 00 engg
040 _aHDC
100 _aHJ. ABDUL RAFEK SALEH
_96121
245 0 _aHALAL ACCESS INTO AIRLINES MARKET SME:
_b "The Sky Is The Limit" /
_cby HJ. ABDUL RAFEK SALEH
260 _a[No place] :
_b[publisher not identified]
_c2011
300 _a14 pages :
_bIllustrations
336 _atext
_2rdacontent
337 _acomputer
_2rdamedia
338 _aonline resource
_2rdacarrier
650 _aBusiness industry
_96119
650 _aHalal industry
_9144
650 _aMarketing Halal
_96122
856 _zRequest full-text at [email protected]
942 _2lcc
942 _cSLIDE
942 _kSLID 000618
999 _c3143
_d3143